Reconversión productiva en el sector agropecuario costarricense /

Wedi'i Gadw mewn:
Manylion Llyfryddiaeth
Prif Awdur: Ureña P., Eliécer
Fformat: Texto
Tagiau: Ychwanegu Tag
Dim Tagiau, Byddwch y cyntaf i dagio'r cofnod hwn!

MARC

LEADER 00000 a a2200000 04500
001 46956
003
040
100 |a Ureña P., Eliécer  
245 |a Reconversión productiva en el sector agropecuario costarricense /  |c Eliécer Ureña P.  
773 |g volumen30, número1, (1997), páginas 79-83  
999 |c 24700  |d 24700